Statistics for Clue Board Game - Rooms, Weapons, and Characters

Click here to take the quiz!

General Stats

  • This quiz has been taken 46,239 times
    (33,995 since last reset)
  • The average score is 15 of 21

Answer Stats

TypeAnswer% Correct
RoomKitchen
92%
WeaponRevolver
91%
WeaponRope
90%
CharacterColonel Mustard
89%
WeaponKnife
86%
CharacterMiss Scarlet
85%
CharacterMr. Green
83%
CharacterMrs. White
82%
CharacterProfessor Plum
81%
WeaponCandlestick
79%
RoomLibrary
74%
RoomDining Room
72%
WeaponLead Pipe
69%
CharacterMrs. Peacock
69%
RoomHall
63%
RoomStudy
59%
RoomConservatory
55%
RoomBilliard Room
53%
WeaponWrench
53%
RoomBallroom
51%
RoomLounge
41%

Score Distribution

Percentile by Number Answered

Percent of People with Each Score

Your Score History

You have not taken this quiz since the last reset